| 000 | 00537nam a2200193 a 4500 | ||
|---|---|---|---|
| 001 | 1769939802483 | ||
| 003 | YourLibrary | ||
| 005 | 20260201163730.0 | ||
| 008 | 260201s1999##################000#0#eng## | ||
| 020 | _a9780820441313 | ||
| 082 | 0 | 4 |
_a305.26 _bONY.4 |
| 100 | 1 |
_aOnyx, Jenny, _eauthor. |
|
| 245 | 1 | 0 | _aRevisioning Aging : |
| 260 |
_bPeter Lang Incorporated, International Academic Publishers, _c1999. |
||
| 300 | _a280 pages | ||
| 650 | 0 | _aPolitical Science. | |
| 942 | _cENGLISH | ||
| 040 |
_aYourLibrary _beng _cYourLibrary |
||
| 999 |
_c609768 _d609768 |
||